000
00250nam a2200097Ia 4500
005
20251222114402.0
008
251222s1900||||xx |||||||||||||| ||spa||
082
_a
DVD0060/L22/2001/Ej.2
245
0
_a
Los Hermanos Caradura:The Blues Brothers
942
_c
DVD
999
_c
1697
_d
1697